Sewage works (Record no. 65071)
[ view plain ]
| 000 -LEADER | |
|---|---|
| fixed length control field | 01114cam a2200241 4500 |
| 001 - CONTROL NUMBER | |
| control field | ABS62955 |
| 008 - FIXED-LENGTH DATA ELEMENTS--GENERAL INFORMATION | |
| fixed length control field | 000000n2000 000 0 eng u |
| 035 ## - SYSTEM CONTROL NUMBER | |
| System control number | (Sirsi) u108964 |
| 100 ## - MAIN ENTRY--PERSONAL NAME | |
| Personal name | Bate, R. |
| 245 ## - TITLE STATEMENT | |
| Title | Sewage works |
| 260 ## - PUBLICATION, DISTRIBUTION, ETC. | |
| Date of publication, distribution, etc. | 2000 |
| 490 ## - SERIES STATEMENT | |
| Series statement | Estates Gazette |
| Volume/sequential designation | (0041) 14 October 2000, 207(1) |
| 520 ## - SUMMARY, ETC. | |
| Summary, etc. | Earlier this year government proposed important changes to the law for the provision of sewers and drains. The core proposals are set out in: "The Provision of New Drains and Sewers in England and Wales". These are designed to raise standards and tighten the controls that apply to the construction of sewers and drains. Highlights problems with the current provisions and discusses whether the proposed changes will address all the pertinent issues. Provides a useful summary of the main changes, and what the new requirements will entail. |
| 590 ## - LOCAL NOTE (RLIN) | |
| Local note | ABS |
| 650 ## - SUBJECT ADDED ENTRY--TOPICAL TERM | |
| Topical term or geographic name entry element | SEWERS |
| 650 ## - SUBJECT ADDED ENTRY--TOPICAL TERM | |
| Topical term or geographic name entry element | DRAINS |
| 650 ## - SUBJECT ADDED ENTRY--TOPICAL TERM | |
| Topical term or geographic name entry element | STANDARDS |
| 650 ## - SUBJECT ADDED ENTRY--TOPICAL TERM | |
| Topical term or geographic name entry element | GOVERNMENT POLICY |
| 650 ## - SUBJECT ADDED ENTRY--TOPICAL TERM | |
| Topical term or geographic name entry element | REGULATIONS |
| 690 ## - LOCAL SUBJECT ADDED ENTRY--TOPICAL TERM (OCLC, RLIN) | |
| Topical term or geographic name as entry element | BUILDING AND CONSTRUCTION-ENGINEERING |
| 700 ## - ADDED ENTRY--PERSONAL NAME | |
| Personal name | Hancock, C. |
| 942 ## - ADDED ENTRY ELEMENTS (KOHA) | |
| Suppress in OPAC | 0 |
| Withdrawn status | Lost status | Source of classification or shelving scheme | Damaged status | Not for loan | Home library | Current library | Shelving location | Date acquired | Total Checkouts | Full call number | Barcode | Date last seen | Copy number | Price effective from | Koha item type |
|---|---|---|---|---|---|---|---|---|---|---|---|---|---|---|---|
| Dewey Decimal Classification | London | London | Journal article | 25/10/2000 | ABS62955 | 108964-1001 | 06/08/2019 | 1 | 06/08/2019 | Journal article |